<?xml version="1.0" encoding="UTF-8"?><?xml-stylesheet type="text/xsl" href="static/style.xsl"?><OAI-PMH xmlns="http://www.openarchives.org/OAI/2.0/" xmlns:xsi="http://www.w3.org/2001/XMLSchema-instance" xsi:schemaLocation="http://www.openarchives.org/OAI/2.0/ http://www.openarchives.org/OAI/2.0/OAI-PMH.xsd"><responseDate>2026-06-02T15:23:01Z</responseDate><request verb="GetRecord" identifier="oai:riuma.uma.es:10630/38758" metadataPrefix="marc">https://riuma.uma.es/rest/oai/request</request><GetRecord><record><header><identifier>oai:riuma.uma.es:10630/38758</identifier><datestamp>2026-02-03T11:38:03Z</datestamp><setSpec>com_10630_2254</setSpec><setSpec>col_10630_37956</setSpec></header><metadata><record xmlns="http://www.loc.gov/MARC21/slim" xmlns:dcterms="http://purl.org/dc/terms/" xmlns:doc="http://www.lyncode.com/xoai" xmlns:xsi="http://www.w3.org/2001/XMLSchema-instance" xsi:schemaLocation="http://www.loc.gov/MARC21/slim http://www.loc.gov/standards/marcxml/schema/MARC21slim.xsd">
   <leader>00925njm 22002777a 4500</leader>
   <datafield ind2=" " ind1=" " tag="042">
      <subfield code="a">dc</subfield>
   </datafield>
   <datafield ind2=" " ind1=" " tag="720">
      <subfield code="a">Guerrero-Salazar, Susana</subfield>
      <subfield code="e">author</subfield>
   </datafield>
   <datafield ind2=" " ind1=" " tag="260">
      <subfield code="c">2025</subfield>
   </datafield>
   <datafield ind2=" " ind1=" " tag="520">
      <subfield code="a">El lenguaje inclusivo (no sexista) se gesta en España paralelo a la Constitución&#xd;
del 78. Es una consecuencia más del Movimiento de Liberación de las Mujeres (Women’s Movement) que, desde los años sesenta, venía promoviendo, a&#xd;
nivel internacional, la investigación sobre género y lenguaje, sobre todo desde&#xd;
la Sociolingüística y el Análisis del Discurso (West, Lazar y Kramarae, 2000;&#xd;
Wodak, 2015, Guerrero Salazar, 2020a). Surge así la lingüística feminista, uno&#xd;
de cuyos objetivos es buscar alternativas igualitarias a los usos discriminatorios,&#xd;
alternativas que a partir de los años ochenta son impulsadas por normativas&#xd;
internacionales y nacionales que recomiendan el uso igualitario del lenguaje a&#xd;
nivel institucional y que fomentan guías y manuales de uso no sexista del lenguaje. La puesta en marcha de todas estas medidas inicia un debate, de gran&#xd;
repercusión en los medios de comunicación (Guerrero Salazar, 2019a y 2019b),&#xd;
que sigue vigente en la actualidad, donde ha cobrado fuerzas gracias a las redes&#xd;
sociales (Guerrero Salazar, 2019c).</subfield>
   </datafield>
   <datafield ind1="8" ind2=" " tag="024">
      <subfield code="a">Las “polémicas apasionadas” de Amando de Miguel en torno al lenguaje inclusivo, en Cabello Pino, Manuel y Díaz Rosales, Raúl (eds.), Nuevas aproximaciones a la cuestión del sexismo lingüístico, Peter Lang, 2025, 93-128. ISBN 978-3-631-87347-2</subfield>
   </datafield>
   <datafield ind1="8" ind2=" " tag="024">
      <subfield code="a">https://hdl.handle.net/10630/38758</subfield>
   </datafield>
   <datafield tag="653" ind2=" " ind1=" ">
      <subfield code="a">Sexismo en el lenguaje</subfield>
   </datafield>
   <datafield tag="653" ind2=" " ind1=" ">
      <subfield code="a">Miguel, Amando de (1937-2023) - Crítica e interpretación</subfield>
   </datafield>
   <datafield ind2="0" ind1="0" tag="245">
      <subfield code="a">Las “polémicas apasionadas” de Amando de Miguel en torno al lenguaje inclusivo</subfield>
   </datafield>
</record>
</metadata></record></GetRecord></OAI-PMH>